Luật tài nguyên nước định mức kinh tế - quy chuẩn kỹ thuật quốc gia về lập, điều chỉnh quy hoạch tài nguyên nước và môi trường
Luật này quy định việc quản lý, bảo vệ khai thác, sử dụng tài nguyên nước, phòng, chống và khắc phục hậu quả tác hại do nước gây ra.
Na minha lista:
| Formato: | Livro |
|---|---|
| Idioma: | Undetermined |
| Publicado em: |
Hà Nội
Lao động
2009
|
| Assuntos: | |
| Tags: |
Adicionar Tag
Sem tags, seja o primeiro a adicionar uma tag!
|
| Thư viện lưu trữ: | Trung tâm Học liệu Trường Đại học Cần Thơ |
|---|
| LEADER | 00944nam a2200193Ia 4500 | ||
|---|---|---|---|
| 001 | CTU_192207 | ||
| 008 | 210402s9999 xx 000 0 und d | ||
| 020 | |c 295000 | ||
| 082 | |a 346.59704691 | ||
| 082 | |b L504 | ||
| 245 | 0 | |a Luật tài nguyên nước định mức kinh tế - quy chuẩn kỹ thuật quốc gia về lập, điều chỉnh quy hoạch tài nguyên nước và môi trường | |
| 245 | 0 | |c Quí Long, Kim Thư (sưu tầm và hệ thống hóa) | |
| 260 | |a Hà Nội | ||
| 260 | |b Lao động | ||
| 260 | |c 2009 | ||
| 520 | |a Luật này quy định việc quản lý, bảo vệ khai thác, sử dụng tài nguyên nước, phòng, chống và khắc phục hậu quả tác hại do nước gây ra. | ||
| 650 | |a Natural resources,Tài nguyên nước | ||
| 904 | |i Trúc | ||
| 980 | |a Trung tâm Học liệu Trường Đại học Cần Thơ | ||